000 00537nam a2200169 i 4500
001 21000
003 ES-MaACL
005 20230906152412.0
007 t|
008 021120s1953 sp ||||1| spa d
100 1 _aAfonso, Leoncio.
_918516
245 1 0 _aEsquema de geografía física de las Islas Canarias /
_cLeoncio Afonso.
260 _aLa Laguna de Tenerife :
_bJ. Regulo,
_c1953 (
_fGutenberg)
300 _a83 p. :
_bil., 9 map. pleg. ;
_c24 cm.
852 _aES-MaACL
_jC-6501
_bR.35831
852 _aES-MaACL
_j1971-F-11
_bR.36958
999 _c21000
_d21000